[Event "Izt"]
[Site "masterchessopen.com Stockholm (Sweden)"]
[Round "0"]
[White "Bolbochan Julio (ARG)"]
[Black "Aaron Manuel (IND)"]
[Result "1-0"]
[WhiteElo "2440"]
[BlackElo "2315"]

1.d4 d5 2.Nf3 Nf6 3.c4 e6 4.Nc3 Be7 5.Bg5 O-O 6.e3 h6 7.Bh4 Ne4 8.Bxe7 Qxe7
9.Rc1 Nxc3 10.Rxc3 c6 11.Bd3 Nd7 12.cxd5 exd5 13.Qb1 Nf6 14.Nd2 Re8 15.O-O Ne4
16.Bxe4 dxe4 17.b4 Be6 18.b5 cxb5 19.Qxb5 Rec8 20.Nxe4 Bxa2 21.Rfc1 Rxc3
22.Nxc3 Be6 23.d5 Bg4 24.h3 Qa3 25.Rc2 Bf5 26.Qxb7 Bxc2 27.Qxa8+ Kh7 28.Qc6
Qc1+ 29.Kh2 Qd2 30.Kg3 h5 31.h4 g5 32.Qf6 gxh4+ 33.Kxh4 Bg6 34.d6 a5 35.Kg3
Qd3 36.Qe5 Qe2 37.Nd5 a4 38.d7 {#r} 1-0

[Event "?"]
[Site "masterchessopen.com Montreux (Switzerland)"]
[Round "0"]
[White "Schaufelberger Heinz (SUI)"]
[Black "Ciric Dragoljub M (SRB)"]
[Result "0-1"]
[WhiteElo "2312"]
[BlackElo "2425"]

1.c4 e6 2.Nf3 d5 3.d4 Nf6 4.Bg5 Be7 5.Nc3 O-O 6.e3 h6 7.Bh4 Ne4 8.Bxe7 Qxe7
9.Rc1 Nxc3 10.Rxc3 c6 11.Qb1 a5 12.Be2 Nd7 13.O-O dxc4 14.Bxc4 e5 15.dxe5 Nxe5
16.Nxe5 Qxe5 17.f4 Qf6 18.e4 Qd4+ 19.Kh1 Be6 20.Bb3 Bxb3 21.Rxb3 b5 22.h3 b4
23.e5 c5 24.Qc1 c4 25.Re3 Rfe8 26.Ref3 Rad8 27.f5 Rxe5 28.f6 g5 29.h4 Re4
30.g3 Re2 31.hxg5 Qg4 32.Kg1 Rdd2 {#R} 0-1

[Event "It"]
[Site "masterchessopen.com Salgotarjan (Hungary)"]
[Round "0"]
[White "Kaposztas Miklos (HUN)"]
[Black "Toth Janos (HUN)"]
[Result "1-0"]
[WhiteElo "2187"]
[BlackElo "1890"]

1.d4 d5 2.Nf3 Nf6 3.c4 e6 4.Bg5 Be7 5.Nc3 O-O 6.e3 h6 7.Bh4 Ne4 8.Bxe7 Qxe7
9.Rc1 c6 10.Bd3 Nxc3 11.Rxc3 Nd7 12.cxd5 exd5 13.O-O Nf6 14.Qc2 Re8 15.a3 Qd6
16.b4 a6 17.h3 Ne4 18.Bxe4 Rxe4 19.Ne5 Bf5 20.Qe2 f6 21.Nd3 Rae8 22.Qh5 g6
23.Qxh6 g5 24.Qh5 R8e7 25.Qf3 Bc8 26.Nc5 Rh4 27.Qg3 Qd8 28.f4 Reh7 29.fxg5
fxg5 30.Qb8 R4h6 31.Rc2 b6 32.Nd3 Rb7 33.Qg3 Rg7 34.Rcf2 Kh7 35.Rf8 Qd7 36.Ne5
Qe6 37.Ng4 Rh4 38.R1f6 {#r} 1-0

[Event "It \"]
[Site "masterchessopen.com Habana (Cuba)"]
[Round "10"]
[White "Estevez Guillermo (CUB)"]
[Black "Sieiro-Gonzalez Luis (CUB)"]
[Result "0-1"]
[WhiteElo "2335"]
[BlackElo "2323"]

1.Nf3 d5 2.c4 e6 3.d4 Nf6 4.Nc3 Be7 5.Bg5 h6 6.Bh4 O-O 7.e3 Ne4 8.Bxe7 Qxe7
9.Rc1 c6 10.Bd3 Nxc3 11.Rxc3 Nd7 12.O-O dxc4 13.Bxc4 b6 14.Qe2 c5 15.Rd1 Bb7
16.Bb5 Rfd8 17.Rdc1 Rac8 18.Ba6 Nf6 19.R3c2 Ne4 20.b4 Rd5 21.bxc5 bxc5 22.Rb2
Bxa6 23.Qxa6 Rc7 24.Rbc2 Rb7 25.Qd3 f5 26.Ne5 Qd6 27.Ng6 cxd4 28.Rc6 Nc5
29.Rc8+ Kh7 {#R} 0-1

[Event "It"]
[Site "masterchessopen.com Augsburg (Germany)"]
[Round "0"]
[White "Autenrieth Michael (GER)"]
[Black "Kaiser Dieter (GER)"]
[Result "1-0"]
[WhiteElo "2239"]
[BlackElo "2256"]

1.d4 d5 2.c4 e6 3.Nc3 Be7 4.Nf3 Nf6 5.Bg5 h6 6.Bh4 O-O 7.e3 Ne4 8.Bxe7 Qxe7
9.Rc1 Rd8 10.Bd3 Nxc3 11.Rxc3 dxc4 12.Rxc4 Nc6 13.Be4 Bd7 14.Rc5 f5 15.Bd3 b6
16.Rc3 e5 17.O-O Kh8 18.Bxf5 exd4 19.exd4 Bxf5 20.Rxc6 Bg4 21.h3 Bh5 22.Qb3
Rac8 23.Qe3 Qd7 24.Ne5 Qxd4 25.Rxh6+ gxh6 26.Qxh6+ Kg8 27.Qg5+ Kf8 28.Qxh5 Qd5
29.Qh8+ Ke7 30.Qg7+ Ke6 31.Re1 Re8 32.Nc4+ {#r} 1-0

[Event "It"]
[Site "masterchessopen.com Maribor (Slovenia)"]
[Round "0"]
[White "Sokolov Ivan (NED)"]
[Black "Timoscenko Gennadij (SVK)"]
[Result "1-0"]
[WhiteElo "2673"]
[BlackElo "2495"]

1.d4 d5 2.c4 e6 3.Nc3 Be7 4.Nf3 Nf6 5.Bg5 h6 6.Bh4 O-O 7.e3 Ne4 8.Bxe7 Qxe7
9.Rc1 Nxc3 10.Rxc3 c6 11.Bd3 dxc4 12.Bxc4 Nd7 13.O-O Rd8 14.Bd3 c5 15.Qc2 cxd4
16.Nxd4 Nf6 17.Rc7 Qd6 18.Rd1 Nd5 19.Bh7+ Kf8 20.Nb5 Qb4 21.Nc3 Bd7 22.Nxd5
exd5 23.h4 Rac8 24.Rxd5 Be6 25.Rxd8+ Rxd8 26.a3 Qb6 27.Be4 Bb3 28.Qc3 Rd1+
29.Kh2 Qd6+ 30.f4 Bd5 31.Bxd5 Qxd5 32.Rc8+ Ke7 33.Qxg7 Qh5 34.Qf8+ Kf6 35.Qh8+
Ke7 36.Rc7+ Ke6 37.Qe8+ Kf6 38.Qe7+ Kg7 39.Rxb7 {#r} 1-0

[Event "It \"]
[Site "masterchessopen.com Budapest (Hungary)"]
[Round "10"]
[White "Lazarev Vladimir (FRA)"]
[Black "Almasi Istvan (HUN)"]
[Result "1-0"]
[WhiteElo "2431"]
[BlackElo "2280"]

1.d4 Nf6 2.c4 e6 3.Nc3 d5 4.Nf3 Be7 5.Bg5 O-O 6.e3 h6 7.Bh4 Ne4 8.Bxe7 Qxe7
9.Rc1 c6 10.Qc2 Nxc3 11.Qxc3 Nd7 12.Bd3 dxc4 13.Bxc4 b6 14.O-O Bb7 15.e4 c5
16.Qe3 Rfd8 17.Rfd1 Rac8 18.d5 exd5 19.Bxd5 Bxd5 20.Rxd5 Nf6 21.Re5 Qd6 22.h3
Rc7 23.Rf5 Qe6 24.Qf4 Rcd7 25.Kh2 Re8 26.Re1 Qxa2 27.Rxf6 Qxb2 28.Rxh6 Rde7
29.Rh4 Qxf2 30.Qf5 f6 31.Qh7+ Kf8 32.Rf4 Rf7 33.Rf5 Re6 34.Nh4 Qxe1 35.Ng6+
Ke8 36.Qg8+ Kd7 37.Qxf7+ Kd6 38.Rd5+ {#r} 1-0

[Event "Ch Belgium (qual)"]
[Site "masterchessopen.com Belgium"]
[Round "0"]
[White "Van Der Stricht Geert (BEL)"]
[Black "Huesmann Thomas (BEL)"]
[Result "0-1"]
[WhiteElo "2365"]
[BlackElo "2223"]

1.d4 d5 2.c4 e6 3.Nc3 Nf6 4.Bg5 Be7 5.e3 O-O 6.Nf3 h6 7.Bh4 Ne4 8.Bxe7 Qxe7
9.Rc1 c6 10.Bd3 Nxc3 11.Rxc3 Nd7 12.O-O dxc4 13.Bxc4 b6 14.e4 Bb7 15.Re1 Rfd8
16.Bb3 e5 17.Qc1 exd4 18.Nxd4 Ne5 19.Nf5 Qf6 20.Rg3 Nd3 21.Nxh6+ Kf8 22.Rxd3
Rxd3 23.Nxf7 Ke7 24.e5 Qh4 25.Nd6 Rf8 26.g3 Qh5 27.Nxb7 Rxf2 28.Qg5+ Qxg5
29.Kxf2 Rd2+ {#R} 0-1

[Event "Ch Russia (team)"]
[Site "masterchessopen.com Podolsk (Russia)"]
[Round "0"]
[White "Magerramov Elmar (AZE)"]
[Black "Korneev Oleg (RUS)"]
[Result "1-0"]
[WhiteElo "2565"]
[BlackElo "2465"]

1.d4 Nf6 2.c4 e6 3.Nf3 d5 4.Nc3 Be7 5.Bg5 h6 6.Bh4 O-O 7.e3 Ne4 8.Bxe7 Qxe7
9.Rc1 c6 10.Bd3 Nxc3 11.Rxc3 dxc4 12.Bxc4 Nd7 13.O-O e5 14.Bb3 Re8 15.Qb1 exd4
16.exd4 Nf8 17.Re1 Be6 18.Rce3 Qd7 19.Bc2 Bd5 20.Bf5 Be6 21.Be4 Red8 22.h3
Rac8 23.a3 Qd6 24.b4 a6 25.a4 Nd7 26.Bh7+ Kf8 27.Nh4 Re8 28.Bf5 Bd5 29.Bxd7
Qxd7 30.Qh7 Be6 31.Nf5 f6 32.Rxe6 {#r} 1-0

[Event "It (open)"]
[Site "masterchessopen.com Buenos Aires (Argentina)"]
[Round "10"]
[White "Servat Roberto (ARG)"]
[Black "De Dovitiis Alejo (ARG)"]
[Result "1-0"]
[WhiteElo "2440"]
[BlackElo "2366"]

1.d4 Nf6 2.c4 e6 3.Nf3 d5 4.Nc3 Be7 5.Bg5 O-O 6.e3 h6 7.Bh4 Ne4 8.Bxe7 Qxe7
9.Rc1 Nxc3 10.Rxc3 dxc4 11.Bxc4 Nd7 12.O-O e5 13.Nxe5 Nxe5 14.dxe5 Qxe5 15.f4
Qf6 16.e4 Be6 17.e5 Qe7 18.Bxe6 Qxe6 19.Qb3 Qxb3 20.axb3 Rac8 21.Rd1 c6 22.Rd7
b5 23.Kf2 Rfd8 24.Rxc6 Rxc6 25.Rxd8+ Kh7 26.Ke3 a6 27.Kd2 Kg6 28.Rd6+ Rxd6+
29.exd6 Kf6 30.f5 g6 31.g4 a5 32.Ke3 {#r} 1-0

[Event "Olympiad"]
[Site "masterchessopen.com Moscow (Russia)"]
[Round "8"]
[White "Anastasian Ashot (ARM)"]
[Black "Miladinovic Igor (SRB)"]
[Result "0-1"]
[WhiteElo "2540"]
[BlackElo "2500"]

1.d4 d5 2.Nf3 Nf6 3.c4 e6 4.Nc3 Be7 5.Bg5 O-O 6.e3 h6 7.Bh4 Ne4 8.Bxe7 Qxe7
9.Rc1 Nxc3 10.Rxc3 c6 11.Bd3 Nd7 12.O-O dxc4 13.Bxc4 e5 14.Bb3 e4 15.Nd2 Nf6
16.Qc2 Bg4 17.Re1 Nd5 18.Bxd5 cxd5 19.Rc1 Qg5 20.Kf1 Rad8 21.Rc7 Rd6 22.h3 Bf5
23.Qc5 Rg6 24.g4 Be6 25.Kg2 h5 26.Qe7 hxg4 27.h4 Qf5 28.Kg3 Rf6 29.Rf1 Qg6
30.Rh1 Qf5 31.Rh2 Rc8 32.Rxc8+ Bxc8 33.Qe5 Qd7 34.Rh1 Rf5 35.Qb8 Qc6 36.Kg2
Kh7 37.Rf1 b6 38.Nb3 Ba6 39.Rc1 Qf6 40.Rc2 Rf3 {#R} 0-1

[Event "It (open)"]
[Site "masterchessopen.com Schaan (Liechtenstein)"]
[Round "5"]
[White "Maier Peter (AUT)"]
[Black "Poettinger Harald (AUT)"]
[Result "0-1"]
[WhiteElo "2156"]
[BlackElo "2200"]

1.d4 d5 2.c4 e6 3.Nc3 Be7 4.Nf3 Nf6 5.Bg5 O-O 6.e3 h6 7.Bh4 Ne4 8.Bxe7 Qxe7
9.Rc1 Nxc3 10.Rxc3 c6 11.Qc2 Nd7 12.a3 dxc4 13.Bxc4 e5 14.O-O exd4 15.exd4 Nb6
16.Ba2 Qf6 17.Bb1 g6 18.Ne5 Bf5 19.Qc1 Bxb1 20.Qxb1 Rad8 21.Rg3 Kg7 22.Qe4 Rd5
23.Qe3 Nc8 24.Rh3 h5 25.g4 c5 26.f4 hxg4 27.Rg3 Ne7 28.Rxg4 cxd4 29.Qb3 b6
30.f5 Rxe5 31.fxg6 Qe6 32.Qh3 Nxg6 33.Kh1 {#R} 0-1

[Event "Staatsliga (3rd) 1997/98"]
[Site "masterchessopen.com Austria"]
[Round "1"]
[White "Obermair Walter Mk (AUT)"]
[Black "Mrsic Robert (AUT)"]
[Result "0-1"]
[WhiteElo "1873"]
[BlackElo "2134"]

1.d4 d5 2.c4 e6 3.Nc3 Nf6 4.Nf3 Be7 5.Bg5 O-O 6.e3 h6 7.Bh4 Ne4 8.Bxe7 Qxe7
9.Rc1 c6 10.Bd3 Nxc3 11.Rxc3 Nd7 12.O-O e5 13.dxe5 dxc4 14.Bxc4 Nxe5 15.Nxe5
Qxe5 16.Qb3 Rb8 17.Rd1 b5 18.Bxf7+ Kh8 19.Rd2 Qf5 20.Bc4 bxc4 21.Qxc4 Be6
22.Qe2 Rbd8 23.f3 c5 24.a3 c4 25.Rc1 Qa5 26.Rcd1 Rc8 27.e4 c3 28.bxc3 Rxc3
29.Rd6 Bc4 30.Qb2 Bb3 31.Ra1 Rfc8 32.Rd2 Qc5+ 33.Rf2 Rc2 34.Qxc2 Bxc2 35.g3
Qc3 36.Raf1 Bd3 37.Kg2 {#R} 0-1

[Event "It (open)"]
[Site "masterchessopen.com Groningen (Netherlands)"]
[Round "10"]
[White "Theulings Paul-Peter (NED)"]
[Black "Minnican Alan (SCO)"]
[Result "0-1"]
[WhiteElo "2132"]
[BlackElo "2106"]

1.Nf3 Nf6 2.c4 e6 3.Nc3 d5 4.d4 Be7 5.Bg5 O-O 6.e3 h6 7.Bh4 Ne4 8.Bxe7 Qxe7
9.Rc1 Nxc3 10.Rxc3 c6 11.Bd3 Nd7 12.O-O dxc4 13.Rxc4 e5 14.Nxe5 Nxe5 15.dxe5
Qxe5 16.Qe2 Be6 17.f4 Qf6 18.Rc3 Rfe8 19.f5 Bd5 20.Rf4 Re7 21.Qf2 Rae8 22.Bc2
Be4 23.Bxe4 Rxe4 24.Rxe4 Rxe4 25.Qf3 Rb4 26.Qf2 Qxc3 27.bxc3 Rb1+ 28.Qf1 Rxf1+
29.Kxf1 Kf8 30.Ke2 Ke7 31.Kf3 Kd6 32.Ke4 b5 33.g4 c5 34.h4 a5 35.g5 hxg5
36.hxg5 a4 37.a3 b4 {#R} 0-1

[Event "It (open)"]
[Site "masterchessopen.com Mondariz (Spain)"]
[Round "0"]
[White "Estremera Panos Sergio (ESP)"]
[Black "Martinez Rubio Felipe (ESP)"]
[Result "1-0"]
[WhiteElo "2430"]
[BlackElo "1868"]

1.d4 d5 2.c4 e6 3.Nc3 Nf6 4.Bg5 Be7 5.e3 O-O 6.Nf3 h6 7.Bh4 Ne4 8.Bxe7 Qxe7
9.Rc1 Qb4 10.Qc2 c6 11.Bd3 Nxc3 12.bxc3 Qe7 13.O-O Nd7 14.Rfe1 Nf6 15.Ne5 Bd7
16.Rb1 Rab8 17.Qa4 a6 18.c5 Rfc8 19.Rb6 Ne8 20.Reb1 Rc7 21.Rxa6 f6 22.Nxd7
Qxd7 23.Rab6 e5 24.Qb3 {#r} 1-0

[Event "It (open)"]
[Site "masterchessopen.com Regensburg (Germany)"]
[Round "3"]
[White "Kupreichik Viktor D (BLR)"]
[Black "Barth Norbert (GER)"]
[Result "1-0"]
[WhiteElo "2500"]
[BlackElo "2195"]

1.d4 Nf6 2.c4 e6 3.Nc3 d5 4.Nf3 Be7 5.Bg5 O-O 6.e3 h6 7.Bh4 Ne4 8.Bxe7 Qxe7
9.Rc1 Nxc3 10.Rxc3 dxc4 11.Bxc4 b6 12.Qc2 Bb7 13.Be2 Rc8 14.O-O c5 15.dxc5
Rxc5 16.Rxc5 bxc5 17.Ne5 Qg5 18.Bf3 Bxf3 19.Nxf3 Qf5 20.Qa4 a5 21.Rd1 Kh7
22.h3 Na6 23.Qc6 Qc2 24.Rd2 Qb1+ 25.Kh2 Rb8 26.Qxa6 Rxb2 27.Qxa5 {#r} 1-0

[Event "Ch St. Petersburg"]
[Site "masterchessopen.com St. Petersburg (Russia)"]
[Round "1"]
[White "Epishin Vladimir (GER)"]
[Black "Cherepkov Alexander V (RUS)"]
[Result "1-0"]
[WhiteElo "2570"]
[BlackElo "2395"]

1.d4 Nf6 2.c4 e6 3.Nf3 d5 4.Nc3 Be7 5.Bg5 O-O 6.e3 h6 7.Bh4 Ne4 8.Bxe7 Qxe7
9.Rc1 c6 10.Bd3 Nxc3 11.Rxc3 dxc4 12.Rxc4 Nd7 13.Bb1 e5 14.Qc2 g6 15.O-O Re8
16.e4 exd4 17.Nxd4 Nb6 18.Rc3 Qf6 19.Nb3 Na4 20.Rf3 Qe7 21.a3 Nb6 22.Rc3 Be6
23.Nc5 Rad8 24.f4 Bc8 25.f5 Rf8 26.Qf2 g5 27.h4 Nd7 28.f6 Qd6 29.Nxd7 Qxd7
30.hxg5 hxg5 31.Rc5 Qd4 32.Rxg5+ Kh7 33.Qxd4 Rxd4 34.Kf2 {#r} 1-0

[Event "Moravian League 1998/99 (1st)"]
[Site "masterchessopen.com Czech Republic"]
[Round "5"]
[White "Jaworski Miroslaw (POL)"]
[Black "Vechet Stanislav (CZE)"]
[Result "1-0"]
[WhiteElo "2415"]
[BlackElo "2180"]

1.d4 d5 2.c4 e6 3.Nc3 Be7 4.Nf3 Nf6 5.Bg5 h6 6.Bh4 O-O 7.e3 Ne4 8.Bxe7 Qxe7
9.Rc1 Nxc3 10.Rxc3 c6 11.Bd3 Nd7 12.O-O Rd8 13.cxd5 exd5 14.Qb1 a5 15.a3 a4
16.Bc2 Ra6 17.Re1 Qd6 18.Qd1 b5 19.e4 dxe4 20.Bxe4 Nf6 21.Qc2 Nxe4 22.Qxe4 Be6
23.Ne5 Bd5 24.Qh4 Raa8 25.Rg3 Re8 26.Ree3 Re6 27.Qg4 g6 28.Qf4 Qf8 29.Ng4 Rxe3
30.fxe3 h5 31.Nf6+ Kh8 32.Nxh5 gxh5 33.Qf6+ Kh7 34.Qf5+ Kh6 35.Qg5+ Kh7
36.Qxh5+ Qh6 37.Qf5+ {#r} 1-0

[Event "It (open)"]
[Site "masterchessopen.com Deizisau (Germany)"]
[Round "3"]
[White "Lipinsky Fabian (GER)"]
[Black "Beckmann Klaus (GER)"]
[Result "0-1"]
[WhiteElo "2390"]
[BlackElo "2296"]

1.d4 d5 2.c4 e6 3.Nc3 Nf6 4.Bg5 Be7 5.Nf3 O-O 6.e3 h6 7.Bh4 Ne4 8.Bxe7 Qxe7
9.Rc1 Nxc3 10.Rxc3 c6 11.Bd3 dxc4 12.Bxc4 Nd7 13.O-O b6 14.Qe2 Bb7 15.Ba6 Bxa6
16.Qxa6 c5 17.Rfc1 Rfb8 18.h3 e5 19.Qb5 a6 20.Qb3 exd4 21.exd4 Qf6 22.Qc4 Rd8
23.dxc5 Nxc5 24.b3 Rd6 25.b4 Ne6 26.Qe4 Rad8 27.Rc8 Ng5 28.Nxg5 Qxg5 29.a4 g6
30.R1c6 Kg7 31.Rxd8 Rxd8 32.Rxb6 Qc1+ 33.Kh2 Qc7+ 34.f4 Qxb6 35.a5 Qf6 36.Qb7
{#R} 0-1

[Event "It (open)"]
[Site "masterchessopen.com Wijk aan Zee (Netherlands)"]
[Round "3"]
[White "Kalinin Alexander (RUS)"]
[Black "Podgaets Mikhail (UKR)"]
[Result "0-1"]
[WhiteElo "2420"]
[BlackElo "2475"]

1.Nf3 Nf6 2.c4 e6 3.Nc3 d5 4.d4 Be7 5.Bg5 h6 6.Bh4 O-O 7.e3 Ne4 8.Bxe7 Qxe7
9.Rc1 Nxc3 10.Rxc3 c6 11.Bd3 Nd7 12.O-O e5 13.dxe5 dxc4 14.Bxc4 Nxe5 15.Nxe5
Qxe5 16.Qc2 Bf5 17.Bd3 Bxd3 18.Rxd3 Rfd8 19.Rfd1 Rxd3 20.Rxd3 Qa5 21.Qb1 Rd8
22.Rxd8+ Qxd8 23.g3 Qd5 24.e4 Qd4 25.Qc2 c5 26.Kg2 b6 27.f4 Qe3 28.e5 Qd4
29.Kf3 Qd5+ 30.Qe4 Qxa2 31.f5 Qb3+ 32.Kg2 Qxb2+ 33.Kh3 Qd4 34.Qa8+ Kh7 35.Qe8
Qd5 36.g4 Qf3+ 37.Kh4 Qf2+ 38.Kh3 h5 {#R} 0-1

[Event "It (cat.9)"]
[Site "masterchessopen.com Aars (Denmark)"]
[Round "9"]
[White "Dydyshko Viacheslav (BLR)"]
[Black "Grabov Steen (DEN)"]
[Result "1-0"]
[WhiteElo "2521"]
[BlackElo "2259"]

1.d4 d5 2.c4 e6 3.Nc3 Nf6 4.Bg5 Be7 5.Nf3 O-O 6.e3 h6 7.Bh4 Ne4 8.Bxe7 Qxe7
9.Rc1 Nxc3 10.Rxc3 c6 11.Bd3 dxc4 12.Bxc4 Nd7 13.O-O e5 14.Bb3 exd4 15.Nxd4
Nf6 16.Qf3 Bg4 17.Qf4 c5 18.Nf5 Bxf5 19.Qxf5 Rac8 20.Rd1 b6 21.Bc4 Rfd8
22.Rcd3 Rxd3 23.Qxc8+ {#r} 1-0

[Event "Ch Europe (team)"]
[Site "masterchessopen.com Batumi (Georgia)"]
[Date "1999.12.06"]
[Round "8"]
[White "Sammalvuo Tapani (FIN)"]
[Black "Orr Mark J L (IRL)"]
[Result "1-0"]
[WhiteElo "2393"]
[BlackElo "2350"]

1.d4 e6 2.Nf3 Nf6 3.c4 d5 4.Nc3 Be7 5.Bg5 O-O 6.e3 h6 7.Bh4 Ne4 8.Bxe7 Qxe7
9.Rc1 c6 10.Bd3 Nxc3 11.Rxc3 Nd7 12.cxd5 exd5 13.Qb1 c5 14.dxc5 Nxc5 15.O-O
Be6 16.Rfc1 Rfc8 17.Bf5 a5 18.Nd4 b6 19.Qc2 Re8 20.Bxe6 fxe6 21.Nb3 Na6 22.Qe2
a4 23.Nd4 Nc5 24.Qb5 Qa7 25.b4 axb3 26.axb3 e5 27.Nf5 Rf8 28.Ng3 d4 29.exd4
exd4 30.Rc4 Qa2 31.R4c2 Qa6 32.Qc6 d3 33.Rb2 Qa3 34.Rcb1 Qb4 35.Nf5 Qe4
36.Qd5+ Kh7 37.Ne3 Qf4 38.Qc4 {#r} 1-0

[Event "It (open)"]
[Site "masterchessopen.com Lisbon (Portugal)"]
[Round "5"]
[White "Santos Carlos P (POR)"]
[Black "Gueneau Christophe (FRA)"]
[Result "1-0"]
[WhiteElo "2385"]
[BlackElo "2143"]

1.d4 Nf6 2.c4 e6 3.Nf3 d5 4.Nc3 Be7 5.Bg5 h6 6.Bh4 O-O 7.e3 Ne4 8.Bxe7 Qxe7
9.Rc1 c6 10.Bd3 Nxc3 11.Rxc3 Nd7 12.Qc2 dxc4 13.Bxc4 e5 14.O-O e4 15.Nd2 Nf6
16.Rb1 Bf5 17.b4 a6 18.a4 Rfd8 19.b5 axb5 20.axb5 Ra3 21.Bb3 Nd5 22.Rc5 Qg5
23.Nf1 Raa8 24.bxc6 bxc6 25.Rxc6 Rab8 26.Bxd5 {#r} 1-0

[Event "Memorial Ron Ranwell"]
[Site "masterchessopen.com London (England)"]
[Round "2"]
[White "Hebden Mark (ENG)"]
[Black "Fox Anthony (IRL)"]
[Result "1-0"]
[WhiteElo "2505"]
[BlackElo "2112"]

1.d4 d5 2.c4 e6 3.Nf3 Nf6 4.Bg5 Be7 5.e3 O-O 6.Nc3 h6 7.Bh4 Ne4 8.Bxe7 Qxe7
9.Rc1 Nxc3 10.Rxc3 c6 11.Bd3 Nd7 12.O-O dxc4 13.Bxc4 e5 14.Bb3 Re8 15.Qb1 exd4
16.exd4 Nf6 17.Re3 Be6 18.Bxe6 fxe6 19.Rfe1 Qd7 20.Qg6 Qf7 21.Qg3 Rad8 22.Ne5
Qc7 23.Rf3 Rf8 24.Qh3 Rd6 25.Rg3 Kh7 26.Nf3 Qa5 27.Rxg7+ Kxg7 28.Qg3+ Kh7
29.Qxd6 Re8 30.a3 Qf5 31.Qc7+ Kg8 32.Qxb7 Nd5 33.Qxc6 Re7 34.h3 Kh7 35.Qd6 Rg7
36.Qe5 Rxg2+ 37.Kxg2 Nf4+ 38.Kg3 Nh5+ 39.Kh2 Qxf3 40.Qe4+ {#r} 1-0

[Event "Memorial A.Petrov (open)"]
[Site "masterchessopen.com St. Petersburg (Russia)"]
[Round "9"]
[White "Zakharevich Igor (RUS)"]
[Black "Biriukov Oleg V (RUS)"]
[Result "1-0"]
[WhiteElo "2485"]
[BlackElo "2382"]

1.d4 Nf6 2.c4 e6 3.Nf3 d5 4.Bg5 Be7 5.Nc3 h6 6.Bh4 O-O 7.e3 Ne4 8.Bxe7 Qxe7
9.Rc1 Nxc3 10.Rxc3 c6 11.Bd3 dxc4 12.Bxc4 Nd7 13.O-O e5 14.Bb3 Rd8 15.Re1 exd4
16.exd4 Qd6 17.Qe2 Nf8 18.Qe7 Ne6 19.Qh4 Qf4 20.Qxd8+ Nxd8 21.Re8+ Kh7 22.Rxd8
Qc7 23.Rf8 Rb8 24.Rxf7 Qd6 25.Re3 Bg4 26.Ree7 Rg8 27.Ne5 Qxd4 28.Bc2+ Kh8
29.Rf4 {#r} 1-0

[Event "It (open)"]
[Site "masterchessopen.com Sautron (France)"]
[Round "3"]
[White "Chatalbashev Boris (BUL)"]
[Black "Bedouin Xavier (FRA)"]
[Result "1-0"]
[WhiteElo "2526"]
[BlackElo "2115"]

1.d4 d5 2.c4 e6 3.Nc3 Be7 4.Nf3 Nf6 5.Bg5 h6 6.Bh4 O-O 7.e3 Ne4 8.Bxe7 Qxe7
9.Rc1 c6 10.cxd5 exd5 11.Bd3 Bg4 12.Qb3 Bxf3 13.gxf3 Nxc3 14.Rxc3 Rd8 15.Rg1
Qc7 16.f4 Re8 17.Rg3 Nd7 18.Qxd5 cxd5 19.Rxc7 Nf6 20.Rxb7 Reb8 21.Rxb8+ Rxb8
22.b3 a5 23.Kd2 a4 24.Bc2 axb3 25.axb3 Ra8 26.Rg1 Ra2 27.f3 Ne8 28.e4 Nd6
29.Re1 Kf8 30.Kd3 Ke7 31.h4 g6 32.h5 gxh5 33.f5 Kd7 34.f6 Ke6 35.Rh1 Nb5 36.e5
Nxd4 37.Bb1 {#r} 1-0

[Event "Ch Spain (team) (1 Div)"]
[Site "masterchessopen.com Mondariz (Spain)"]
[Round "2"]
[White "Izeta Txabarri Felix (ESP)"]
[Black "Vega Holm Fernando (ESP)"]
[Result "0-1"]
[WhiteElo "2476"]
[BlackElo "2417"]

1.d4 Nf6 2.Nf3 d5 3.c4 e6 4.Nc3 Be7 5.Bg5 h6 6.Bh4 O-O 7.e3 Ne4 8.Bxe7 Qxe7
9.Rc1 Nxc3 10.Rxc3 c6 11.Bd3 dxc4 12.Bxc4 Nd7 13.O-O b6 14.Qe2 a5 15.e4 Bb7
16.e5 c5 17.Rd1 Rfd8 18.d5 exd5 19.Bxd5 Bxd5 20.Rxd5 Nf8 21.Rcd3 Rxd5 22.Rxd5
Rd8 23.Rxd8 Qxd8 24.b3 Qd7 25.Qd2 Qf5 26.h3 Ne6 27.Qe2 g5 28.Nd2 Qc2 29.a4 c4
30.bxc4 Qxa4 31.Kh2 Qc2 32.Qe3 Nc5 33.h4 Qd3 34.Qe1 gxh4 35.Nf3 Qxc4 {#R} 0-1

[Event "It (open)"]
[Site "masterchessopen.com Bad Harzburg (Germany)"]
[Date "2002.11.20"]
[Round "1"]
[White "Lahtela Silvio (GER)"]
[Black "Meineke Lars"]
[Result "1-0"]
[WhiteElo "2247"]
[BlackElo "1851"]

1.d4 e6 2.c4 Nf6 3.Nc3 d5 4.Nf3 Be7 5.Bg5 O-O 6.e3 h6 7.Bh4 Ne4 8.Bxe7 Qxe7
9.Rc1 c6 10.Qc2 Nxc3 11.Qxc3 b6 12.Bd3 Bb7 13.cxd5 exd5 14.Ne5 Nd7 15.Nxd7
Qxd7 16.O-O Rac8 17.b4 Rfe8 18.Rfd1 Re7 19.a4 Qg4 20.Qa3 Rec7 21.Bf1 c5
22.bxc5 bxc5 23.f3 Qe6 24.Rxc5 Qe7 25.Rdc1 Rxc5 26.Rxc5 Rxc5 27.dxc5 Kf8
28.Qc3 Qe6 29.Kf2 f6 30.Qa5 a6 31.Qd8+ Kf7 32.Qc7+ Qe7 33.Qb6 {#r} 1-0

[Event "It (open)"]
[Site "masterchessopen.com Bad Woerishofen (Germany)"]
[Round "2"]
[White "Georgiev Vladimir (MKD)"]
[Black "Beckmann Klaus (GER)"]
[Result "1-0"]
[WhiteElo "2512"]
[BlackElo "2279"]

1.c4 e6 2.Nc3 Nf6 3.Nf3 d5 4.d4 Be7 5.Bg5 O-O 6.e3 h6 7.Bh4 Ne4 8.Bxe7 Qxe7
9.Rc1 Nxc3 10.Rxc3 c6 11.Bd3 Nd7 12.cxd5 exd5 13.O-O Rd8 14.Qc2 Nf8 15.Rb1 a5
16.a3 Bg4 17.Ne5 Bd7 18.b4 axb4 19.axb4 Be8 20.h3 f6 21.Nf3 Ne6 22.b5 cxb5
23.Bxb5 Bxb5 24.Rxb5 Ra1+ 25.Kh2 Qd6+ 26.g3 Qd7 27.Rb1 Rxb1 28.Qxb1 Re8 29.Rb3
Re7 30.h4 Nd8 31.Rb5 Qe6 32.Qb3 Rd7 33.Nd2 Qf7 34.Qb1 g5 35.Qf5 Rd6 36.Nb1 Qd7
37.Qxd7 {#r} 1-0